| 000 | 00588nam a2200217Ia 4500 | ||
|---|---|---|---|
| 005 | 20250707124254.0 | ||
| 008 | 008 250516s9999 xx 000 0 eng d | ||
| 020 | _a9780323880572 | ||
| 040 |
_beng _cSDCL |
||
| 041 |
_aeng _2eng |
||
| 084 | _aE9G R4 | ||
| 100 |
_aMurphy, Michael _9402039 |
||
| 245 | 0 |
_aClinical Biochemistry : _bAn Illustrated Colour Text |
|
| 250 | _a7th ed. | ||
| 260 |
_aEdinburgh : _bElsevier, _c2024. |
||
| 300 | _axi, 185p. | ||
| 650 | _aBiochemistry | ||
| 700 |
_aSrivastava, Rajeev _9543192 |
||
| 700 |
_aDeans, Kevin _9815249 |
||
| 942 |
_cTEXL _2CC |
||
| 999 |
_c1429420 _d1429420 |
||